000 01670nam a2200253Ia 4500
003 Ost
005 20260507074940.0
008 260507s9999||||xx |||||||||||||| ||und||
020 _a9774220455
040 _cfsecg
041 _aara
082 _a341.79
100 _aعبد الرحيم، عاطف جابر طه
_eمؤلف
245 0 _aادارة التفاوض الدولي :
_bمدخل صناعة الصفقات العالمية في عالم يموج بالتنافسية /
_c عاطف جابر طه عبد الرحيم
260 _aالاسكندرية:
_bالدار الجامعية,
_c2008
300 _a629 صفحة؛
_bإيضاحات ؛
_c24 سم
504 _aبيبليوغرافيا ص.
520 _aيحتوي الكتاب على المحاور التالية: إدارة التفاوض الدولي مدخل صناعة الصفقات العالمية في عالم يموج بالتنافسية/التفاوض والصفقة العالمية/صنع الصفقات في بيئة اجنبية/مواجهة مشكلة اختلاف الثقافات/تحديد الاديولوجية في صناعة الصفقات العالمية/المفاوضات والبيروقراطية الاجنبية/التفاوض وكيف تتعامل مع الحكومات والقوانيين/المفاوضات ونقل الاموال/العودة مرة اخرى الى التفاوض/التفاوض من اجل المصالح المشتركة/المنظمات المصرفية وادارة التفاوض
653 _aادارة
653 _aالمناقشات الدولية
653 _aالوساطة
653 _aمفاوضات
942 _cكتاب
999 _c41918
_d41918